ha-Yom ha-shemesh meḥayekhet : (Record no. 33482)

MARC details
000 -LEADER
fixed length control field 00580cam a22002051 4500
001 - CONTROL NUMBER
control field he 68002030
003 - CONTROL NUMBER IDENTIFIER
control field DLC
005 - DATE AND TIME OF LATEST TRANSACTION
control field 20260227111500.0
008 - FIXED-LENGTH DATA ELEMENTS--GENERAL INFORMATION
fixed length control field 840406s1966 is j 000 0 heb
010 ## - LIBRARY OF CONGRESS CONTROL NUMBER
LC control number he 68002030
035 ## - SYSTEM CONTROL NUMBER
System control number (OCoLC)19151902
040 ## - CATALOGING SOURCE
Original cataloging agency DLC
Transcribing agency MH
Modifying agency DLC
042 ## - AUTHENTICATION CODE
Authentication code premarc
050 00 - LIBRARY OF CONGRESS CALL NUMBER
Classification number PZ90.H3
Item number O374
100 1# - MAIN ENTRY--PERSONAL NAME
Personal name Ofek, Uriel.
245 13 - TITLE STATEMENT
Title ha-Yom ha-shemesh meḥayekhet :
Remainder of title shirim li-yeladim /
Statement of responsibility, etc. ha-tsiyurim: Ḥanah Adolfi.
260 ## - PUBLICATION, DISTRIBUTION, ETC.
Place of publication, distribution, etc. Tel Aviv :
Name of publisher, distributor, etc. Y. Ts'ets'iḳ,
Date of publication, distribution, etc. 726 [1966]
300 ## - PHYSICAL DESCRIPTION
Extent 64 p. :
Other physical details ill. ;
Dimensions 25 cm.
752 ## - ADDED ENTRY--HIERARCHICAL PLACE NAME
Country or larger entity Israel
City Tel Aviv

No items available.

Powered by Koha